Statistics for State Quiz - Arkansas

Click here to take the quiz!

General Stats

  • This quiz has been taken 8,170 times
  • The average score is 9 of 15

Answer Stats

HintAnswer% Correct
Capital of ArkansasLittle Rock
94%
River that forms Arkansas's eastern borderMississippi River
94%
Ex-governor who became President of the U.S.Bill Clinton
94%
Federal troops were called in to end this practice in schools in the 1950sSegregation
80%
World's largest company by revenueWalmart
77%
"Ring of Fire" singer born in KingslandJohnny Cash
77%
City on the Texas border that is named for both statesTexarkana
68%
Mountain range of northern ArkansasOzarks
64%
National park (hint: geothermal)Hot Springs
55%
Team name of the University of ArkansasRazorbacks
54%
Ex-governor who ran for President in 2008 and 2016Mike Huckabee
46%
Birthplace of both governorsHope
37%
This "fort" is Arkansas's second biggest cityFort Smith
36%
City where the above is headquarteredBentonville
35%
State nicknameThe {Natural} State
24%

Score Distribution

Percentile by Number Answered

Percent of People with Each Score

Your Score History

You have not taken this quiz